Kinh tế phát triển
Đã lưu trong:
| Príomhúdar: | |
|---|---|
| Formáid: | Leabhar |
| Teanga: | Undetermined |
| Foilsithe: |
H.
Lao động
2007
|
| Ábhair: | |
| Rochtain Ar Líne: | http://lrc.tdmu.edu.vn/opac/search/detail.asp?aID=2&ID=3876 |
| Clibeanna: |
Cuir Clib Leis
Gan Chlibeanna, Bí ar an gcéad duine leis an taifead seo a chlibeáil!
|
| Thư viện lưu trữ: | Trung tâm Học liệu Trường Đại học Thủ Dầu Một |
|---|
| LEADER | 00580nam a2200193Ia 4500 | ||
|---|---|---|---|
| 001 | TDMU_3876 | ||
| 008 | 210410s9999 xx 000 0 und d | ||
| 082 | |a 338.9 | ||
| 090 | |b NG527 | ||
| 100 | |a Nguyễn, Trọng Hoài | ||
| 245 | 0 | |a Kinh tế phát triển | |
| 245 | 0 | |c Nguyễn Trọng Hoài | |
| 260 | |a H. | ||
| 260 | |b Lao động | ||
| 260 | |c 2007 | ||
| 300 | |a 431tr. | ||
| 650 | |a Kinh tế phát triển | ||
| 856 | |u http://lrc.tdmu.edu.vn/opac/search/detail.asp?aID=2&ID=3876 | ||
| 980 | |a Trung tâm Học liệu Trường Đại học Thủ Dầu Một | ||